Normal view MARC view
  • Manjit Singh

Entry Personal Name

Number of records used in: 1

001 - CONTROL NUMBER

  • control field: 9348

003 - CONTROL NUMBER IDENTIFIER

  • control field: NUST

005 - DATE AND TIME OF LATEST TRANSACTION

  • control field: 20180121120741.0

008 - FIXED-LENGTH DATA ELEMENTS

  • fixed length control field: 180121|| aca||aabn | a|a d

040 ## - CATALOGING SOURCE

  • Original cataloging agency: NUST
  • Transcribing agency: NUST

100 ## - HEADING--PERSONAL NAME

  • Personal name: Manjit Singh

670 ## - SOURCE DATA FOUND

  • Source citation: Work cat.: (NUST)320938: Manjit Singh, The political economy of unorganised industry : a study of the labour process, 1990
© 2023 Central Library, National University of Sciences and Technology. All Rights Reserved.